| 000 | 01705nam a22003257a 4500 | ||
|---|---|---|---|
| 005 | 20121212121558.0 | ||
| 008 | 121212t xxu||||| |||| 00| 0 eng d | ||
| 010 | _aENG-106417-418 | ||
| 020 |
_a9788132108979 _c2900.00(set of 2 vols.) |
||
| 035 | _aEN-89950-51 | ||
| 037 | _bDBAD/PUB | ||
| 040 |
_aDPL _bEng |
||
| 082 | 0 | 0 |
_a613.0954163 _223 |
| 245 | 0 | 0 |
_aShaping demand and practices to improve family health outcomes : _bdesigning a behavior change communication strategy in India / _cedited by M.E. Khan ... [et al] |
| 260 |
_aNew Delhi _bSAGE Publications _c2012 |
||
| 270 |
_aB1/I-1 Mohan Cooperative Industrial Area Mathura Road _bNew Delhi _e110044 |
||
| 300 |
_a2V.(xxii,395p.;xx,269p.) _c24cm(Hb) |
||
| 500 | _aIncludes bibliographical references and index. | ||
| 505 | 0 | _av. 1. Uttar Pradesh -- v. 2. Bihar. | |
| 650 | 0 |
_aFamilies _xHealth and hygiene _zIndia, North. _954224 |
|
| 650 | 0 |
_aHealth behavior _zIndia, North. _954225 |
|
| 650 | 0 |
_aHealth promotion _zIndia, North. _954226 |
|
| 700 | 1 |
_aKhan, M. E. _954227 |
|
| 942 |
_2ddc _cEN _h613.0954163 _mSHA |
||
| 999 |
_c72083 _d72083 |
||